Una historiografía vagabunda
Guardat en:
| Autor principal: | |
|---|---|
| Format: | Llibre |
| Idioma: | espanyol |
| Publicat: |
Santiago
Ediciones Centro de Estudios Universitarios
2012
|
| Edició: | 1a. ed |
| Matèries: | |
| Etiquetes: |
Afegir etiqueta
Sense etiquetes, Sigues el primer a etiquetar aquest registre!
|
MARC
| LEADER | 00000cam a2200000 a 4500 | ||
|---|---|---|---|
| 001 | UCE8510 | ||
| 003 | CL-VaPUC | ||
| 008 | 150806e20120000cl |||||||||||||||||spa|d | ||
| 020 | |a 9789568979331 | ||
| 082 | 0 | 4 | |a 983 |b GAZ |2 21 |
| 100 | |a Gazmuri Riveros, Cristián |e autor |9 617185 | ||
| 245 | 1 | 4 | |a Una historiografía vagabunda |
| 250 | |a 1a. ed | ||
| 300 | |a 242 p | ||
| 942 | |c BK | ||
| 945 | |d 20150806 12:27:00 |a gsalatino | ||
| 260 | |a Santiago |b Ediciones Centro de Estudios Universitarios |c 2012 | ||
| 650 | 0 | |a Historiografía |9 257871 | |
| 650 | 0 | |a Historiografía chilena |9 441414 | |
| 583 | |a last modification |c 20150806 12:27:00 |k Rodrigo Vera | ||
| 999 | |c 360348 |d 360346 | ||
| 952 | |0 0 |1 0 |3 erb |4 0 |6 983_000000000000000_GAZ_2012 |7 0 |8 DER_HDC |9 470083 |a BIBDER |b BIBDER |i 5193354 |l 1 |o 983 GAZ 2012 |p 5193354 |r 2023-01-25 |s 2020-05-04 |w 2019-11-23 |x Ubicación 4to Piso |y BK |z Estos recursos deben solicitarse con anticipación |k DER | ||